00250nam a2200109Ia 4500008004100000100001700041245002800058260001800086650001200104942000700116999001700123190216s9999||||xx |||||||||||||| ||und|| aJohn Masters 0aNight Runners Of Bangal bPenguin Books aEnglish cBK c12337d12337